000 00308nam a2200133Ia 4500
100 _aMiller/I/ Halkias/ C.C.
942 _cBK
654 _aElectronic device
245 _aElectronic devices & circuits
260 _bTata Mc Graw hill
_aNew Delhi
_c1991
300 _a752
546 _aENGLISH
999 _c32752
_d32752